| 000 | 00888nam a2200265Ia 4500 | ||
|---|---|---|---|
| 003 | OSt | ||
| 005 | 20221005032220.0 | ||
| 006 | a|||||r|||| 00| 0 | ||
| 007 | ta | ||
| 008 | 221004b |||||||| |||| 00| 0 eng d | ||
| 020 |
_a9780838909232 (pbk) _c2395.80 |
||
| 024 | _a90937 | ||
| 037 |
_b95, 22/08/2008, Bhartiya Sahitya Bhawan _cTextual |
||
| 040 |
_aCRL _cCRL _beng |
||
| 041 |
_2eng _aeng |
||
| 082 | _a22,b6, P7 | ||
| 100 |
_aElliott Donald S. _9584940 |
||
| 245 | 0 |
_aMeasuring your library's value _b How to do a cost-benefit analysis for your public library |
|
| 260 |
_aChicago _bAmerican Library Association USA _c2007 |
||
| 300 |
_avii,181p. _ccm. |
||
| 650 | _aLIBRARY SCIENCE | ||
| 700 |
_a Holt Glen E. _9582019 |
||
| 942 |
_h22,b6, P7 _cTEXL _2cc |
||
| 999 |
_c939278 _d939278 |
||